|
|
|
|
| LEADER |
00661ncm a22002052a 4500 |
| 001 |
001126393 |
| 003 |
CZ BrMZK |
| 005 |
20110616140646.0 |
| 007 |
qu |
| 008 |
010907s1920 xr f cze d |
| 040 |
|
|
|a BOA001
|b cze
|
| 072 |
|
7 |
|a 784
|x Vokální hudba
|2 Konspekt
|9 9
|
| 100 |
1 |
|
|a Procházka, Jan,
|d 1853-1931
|7 hka0075958
|4 cmp
|
| 245 |
1 |
0 |
|a Tři dětské písně, op. 48
|h [hudebnina] :
|b s průvodem klavíru /
|c Jan Procházka
|
| 260 |
|
|
|a Praha :
|b Kotrba,
|c [1920?]
|
| 300 |
|
|
|a 13 s.
|
| 910 |
|
|
|a BOA001
|b Mus4-0282.001
|
| 990 |
|
|
|a MU
|
| 991 |
|
|
|b 201011
|
| 996 |
6 |
|
|b 2619554530
|c Mus4-0282.001
|l MZK
|r Sklad / do 1 hodiny
|n 0
|w 001155145
|u 000010
|a 1
|e BOA001
|j MZK50
|s P
|